| 000 | 00685nam a2200193 i 4500 | ||
|---|---|---|---|
| 001 | 81555 | ||
| 003 | ES-MaACL | ||
| 005 | 20250817040628.0 | ||
| 007 | t| | ||
| 008 | 041105s1966 sp ||||1| spa d | ||
| 100 | 1 |
_aHuguet, Jean. _964643 |
|
| 245 | 1 | 0 |
_aAcción y vida interior _b: la unidad de la vida espiritual y de la vida apostólica según San Pablo / _cJean Huguet ; prefacio de S.E. Mons. Ancel ; [traducido por M.T. Vernet]. |
| 260 |
_aBarcelona : _bEler, _c[1966] |
||
| 300 |
_a126 p. ; _c19 cm. |
||
| 700 | 1 |
_aVernet, María Teresa, _d1907-1974 _9114173 |
|
| 700 | 1 |
_aAncel, Alfred. _9148331 |
|
| 852 |
_aES-MaACL _jC-31692 _bR.62159 |
||
| 999 |
_c81555 _d81555 |
||